000 02084cam a2200421 a 4500
001 16893483
003 BDCtgAUW
005 20260324192731.0
008 110728s2012 njuab 001 0 eng
010 _a 2011032042
020 _a9781119834809
035 _a16893483
040 _aBDCtgAUW
_cBDCtgAUW
_dBDCtgAUW
042 _apcc
050 0 0 _aGE70.R38
_b
100 1 0 _a Hassenzahl, David M.
_eauthor
_991274
245 1 0 _aEnvironment /
250 _aTenth edition.
260 _aHoboken, NJ :
_bWiley,
_c2017.
300 _axv, 531 p. :
_bcol. ill., col. maps ;
_c28 cm.
336 _atext
_btxt
_2rdacontent
337 _aunmediated
_bn
_2rdamedia
338 _avolume
_bnc
_2rdacarrier
500 _aIncludes index.
520 _a"Raven's 8th edition of Environment offers more detailed content than the Visualizing text for a better understanding and integration of the core environmental systems and to view and analyze the role those systems play. Shorter, but still comprehensive coverage focuses on ethical decision making and key local environmental science issues, requiring readers to think critically about the course material outside of the classroom. Other features include brief text in the comprehensive segment; extensive chapter pedagogy to help reinforce the systems approach; more opportunities to think critically about the how systems intersect and fit together; and new data interpretation questions at the end of each chapter"--
_cProvided by publisher.
650 0 _aEnvironmental education.
650 0 _aEnvironmental policy.
650 0 _aConservation of natural resources.
700 1 _aBerg, Linda R.
_eauthor
_991275
700 1 _a Hager, Mary Catherine
_eauthor
_991276
700 1 _a Gift, Nancy Y.
_eauthor
_991277
700 1 _a Raven, Peter H.
_eauthor
887 _28
_aPapia Akter
906 _a7
_bcbc
_corignew
_d1
_eecip
_f20
_gy-gencatlg
942 _2lcc
_cBK
_n0
999 _c16346
_d16346
888 _28